| 000 | 02987ncm0a2200481 4500 | ||
|---|---|---|---|
| 001 | RU\NLR\ONIZ\308020 | ||
| 005 | 20250810082127.0 | ||
| 013 | _a979-0-9003269-3-5 | ||
| 021 |
_aRU _b2024-000628 _92024-НО-П-53 |
||
| 035 | _a(NLR Aleph) 022596176 | ||
| 090 |
_a13462122 _c13462122 |
||
| 100 | _a20230831d2024 u y0rusy50 ca | ||
| 101 | 0 | _arus | |
| 102 | _aRU | ||
| 125 | _aa| | ||
| 128 | _afso | ||
| 145 | 0 | _aa | |
| 200 | 1 |
_aКак под яблонью под кудрявою... _bНоты _eобрядовые песни горнозаводских районов Челябинской области _e(материалы фольклорно-этнографических экспедиций) _eхрестоматия [с аудио- и видеоприложением _fс комментариями О. Л. Юровской] |
|
| 203 |
_aМузыка _bзнаковая _bвизуальная _cнепосредственная |
||
| 205 | _a2-е изд., дополненное | ||
| 210 |
_aЧелябинск _cЮУрГИИ им. П. И. Чайковского _d2024 |
||
| 215 |
_a138 с. _cил., фото _d30 см _eflash card |
||
| 300 | _aОт автора: с. 5-8 | ||
| 313 | _aСистематизация документа проведена по изданию - Методика классифицирования музыкальных произведений (нотных изданий) по таблицам Библиотечно-библиографических классификаций : метод. рекомендации / Гос. б-ка СССР им. В.И. Ленина.- М., 1977. Индексу ББК методических рекомендаций присваивается код ББК для научных библиотек - LBC/SL | ||
| 320 | _aБиблиографический список: с. 106-108. | ||
| 606 | 1 |
_aОбрядовые песни (Челябинская область) _jНоты _2nlr_sh |
|
| 606 | 1 |
_aФольклор Челябинской области _jНоты _2nlr_sh |
|
| 607 |
_aЧелябинская область, горнозаводские районы _xМузыкальные интерпретации _jНоты _2nlr_sh |
||
| 686 | 0 | _aЩ92(2Р=Рус)-411 | |
| 686 | 0 | _aЩ92(2Р=Рус)-49 Челябинская область | |
| 686 | 0 | _aЩ92(2Р=Рус)-412 | |
| 700 | 1 |
_9z02790 _aЮровская _bО. Л. _gОльга Леонидовна _4070 _7ca |
|
| 712 | 0 | 2 |
_aГБОУ ВО Южно-Уральский государственный институт искусств им. П. И. Чайковского _4570 _7ba |
| 790 | 1 |
_9z02700 _aJurovskaja _bO. _gOl`ga _4070 _7ba |
|
| 801 | 0 |
_aRU _bNLR _c20230831 _gPSBO |
|
| 801 | 1 |
_aRU _bNLR _c20230831 _2rusmarc |
|
| 801 | 2 |
_aRU _bNLR _c20250730 |
|
| 852 |
_aNLR _bМ _j985-3/229а _pМОЭ 48395 _t2 |
||
| 852 |
_aNLR _bМ _j985-3/229 _pМОЭ 48394 _t1 |
||
| 942 | _cSCORE | ||
| 980 | _aONIZ | ||
| 980 | _aNB | ||